[Event "Col Ch "]
[Site "Ibague "]
[Date "2013.07.06"]
[Round "10.58"]
[White "Torres, Augusto"]
[Black "Valencia, Dario"]
[Result "1/2-1/2"]
[WhiteElo "1812"]
[BlackElo "1958"]
[PlyCount "61"]
[EventDate "2013.07.01"]
[EventType "swiss"]
[EventRounds "11"]
[EventCountry "COL"]
[SourceDate "2005.09.12"]

1. Nf3 Nf6 2. g3 b6 3. Bg2 Bb7 4. c4 c5 5. Nc3 e6 6. O-O Be7 7. d4 cxd4 8. Nxd4
Bxg2 9. Kxg2 O-O 10. e4 Qc7 11. b3 a6 12. f3 Rd8 13. Bf4 d6 14. Bg5 h6 15. Be3
b5 16. Rc1 bxc4 17. bxc4 Nc6 18. Nd5 exd5 19. cxd5 Re8 20. Rxc6 Qa5 21. Qd2 Qa3
22. Rc3 Qa4 23. Rb1 Bf8 24. Qc2 Qxc2+ 25. Rxc2 Nxd5 26. Bc1 Nf6 27. Rc7 Re7 28.
Rbb7 Rxc7 29. Rxc7 g6 30. Nc6 Ne8 31. Rb7 1/2-1/2

[Event "Col Ch "]
[Site "Ibague "]
[Date "2013.07.06"]
[Round "10.59"]
[White "Piraquive, Alberto"]
[Black "Ortiz, Jairo"]
[Result "1-0"]
[WhiteElo "1945"]
[BlackElo "1725"]
[PlyCount "85"]
[EventDate "2013.07.01"]
[EventType "swiss"]
[EventRounds "11"]
[EventCountry "COL"]
[SourceDate "2005.09.12"]

1. e4 c5 2. Nf3 e6 3. Qe2 Nc6 4. c3 Nge7 5. d3 g6 6. g3 Bg7 7. Bg2 O-O 8. O-O
d5 9. Re1 b6 10. Bg5 f6 11. Bc1 Rb8 12. Nbd2 Ba6 13. exd5 exd5 14. Nf1 Re8 15.
Qc2 Nf5 16. Bf4 Rc8 17. Ne3 Nxe3 18. Bxe3 d4 19. cxd4 Nxd4 20. Nxd4 cxd4 21.
Qb3+ Kh8 22. Bf4 Qd7 23. h4 h5 24. Bd5 Bb7 25. Bxb7 Qxb7 26. Qa4 Red8 27. Re4
f5 28. Re6 b5 29. Qb3 Rc6 30. Rae1 Rxe6 31. Rxe6 Kh7 32. Bg5 Rd7 33. Re8 Rf7
34. Qe6 Qd7 35. Qe2 Qd5 36. b3 a5 37. Rd8 Qc6 38. Be7 Qc1+ 39. Kh2 Qc7 40. Bg5
Qc6 41. Bf4 Bf6 42. Rd6 Qb7 43. Qe6 1-0

[Event "Col Ch "]
[Site "Ibague "]
[Date "2013.07.06"]
[Round "10.60"]
[White "Sosa Florez, Juan Sebastian"]
[Black "Palacio, Pablo Persi"]
[Result "1/2-1/2"]
[WhiteElo "1671"]
[BlackElo "1931"]
[PlyCount "52"]
[EventDate "2013.07.01"]
[EventType "swiss"]
[EventRounds "11"]
[EventCountry "COL"]
[SourceDate "2005.09.12"]

1. d4 d5 2. c4 c6 3. Nc3 Nf6 4. Nf3 e6 5. Bg5 Be7 6. e3 Nbd7 7. Bd3 h6 8. Bh4
Nh5 9. Bxe7 Qxe7 10. cxd5 exd5 11. O-O Nhf6 12. Re1 Ne4 13. Nd2 Ndf6 14. f3
Nxd2 15. Qxd2 Be6 16. Rac1 O-O 17. Ne2 Qd7 18. Ng3 g6 19. Nh1 Kg7 20. Nf2 Nh7
21. Bc2 f5 22. f4 Nf6 23. Nd3 Ne4 24. Qe2 Qe7 25. Ne5 g5 26. Bxe4 dxe4 1/2-1/2

[Event "Col Ch "]
[Site "Ibague "]
[Date "2013.07.06"]
[Round "10.61"]
[White "Jaramillo, Carlos Orlando"]
[Black "Pena Mora, Carlos"]
[Result "1-0"]
[WhiteElo "1930"]
[BlackElo "1658"]
[PlyCount "71"]
[EventDate "2013.07.01"]
[EventType "swiss"]
[EventRounds "11"]
[EventCountry "COL"]
[SourceDate "2005.09.12"]

1. b4 c6 2. Bb2 a5 3. a3 Qb6 4. c4 axb4 5. c5 Qc7 6. axb4 Rxa1 7. Bxa1 Nf6 8.
Nf3 Na6 9. Qb3 Nd5 10. Bc3 d6 11. d4 Bf5 12. Nbd2 Nxc3 13. Qxc3 d5 14. e3 g6
15. b5 Nb8 16. b6 Qc8 17. Nh4 Bg7 18. Nxf5 gxf5 19. g3 O-O 20. Bd3 Re8 21. f4
e6 22. Kf2 Nd7 23. Ra1 Nf6 24. h3 Ne4+ 25. Bxe4 fxe4 26. Ra7 f5 27. Nb3 Qd7 28.
Na5 Rb8 29. Qa1 h6 30. Nxb7 Bf8 31. Nd6 Qd8 32. b7 Bxd6 33. cxd6 Qxd6 34. Ra8
Kf7 35. Rxb8 Qxb8 36. Qa8 1-0

[Event "Col Ch "]
[Site "Ibague "]
[Date "2013.07.06"]
[Round "10.62"]
[White "Agudelo, Carlos Hernan"]
[Black "Carrillo, Custodio"]
[Result "1-0"]
[WhiteElo "2065"]
[BlackElo "1886"]
[PlyCount "135"]
[EventDate "2013.07.01"]
[EventType "swiss"]
[EventRounds "11"]
[EventCountry "COL"]
[SourceDate "2005.09.12"]

1. e4 c5 2. Nc3 d6 3. g3 Nf6 4. Bg2 Nc6 5. Nge2 g6 6. O-O Bg7 7. b3 O-O 8. Bb2
Bg4 9. f3 Be6 10. Nf4 Bd7 11. Ncd5 e5 12. Nxf6+ Bxf6 13. Nd5 Bg7 14. d3 Ne7 15.
Ne3 Bh6 16. f4 f6 17. Qf3 Rc8 18. Rae1 b5 19. c4 a6 20. Bc1 Nc6 21. Nc2 exf4
22. gxf4 Qc7 23. Bh3 Rce8 24. Kh1 f5 25. Qg3 Bg7 26. Rg1 Kh8 27. Ne3 fxe4 28.
Nd5 Qd8 29. dxe4 Nd4 30. f5 Be5 31. Bf4 Bxf4 32. Nxf4 g5 33. Nd5 Bc6 34. Bg2
Re5 35. Rgf1 h6 36. Qg4 Bxd5 37. cxd5 Qe7 38. Rc1 b4 39. Rcd1 Qf6 40. Rd3 a5
41. Rh3 Re7 42. Rg1 Rfe8 43. Qh5 Kg7 44. Rg3 Qf7 45. Qg4 Kh7 46. h4 Rg8 47. Rh3
h5 48. hxg5 Rh8 49. g6+ Kg7 50. gxf7+ hxg4 51. Rxh8 Rxf7 52. Rh4 Kf6 53. Bf1
Nf3 54. Rh6+ Kg5 55. Rg6+ Kf4 56. R1xg4+ Ke5 57. Kg2 Nd2 58. Re6+ Kd4 59. f6 a4
60. bxa4 c4 61. e5+ Kc3 62. Rxd6 b3 63. axb3 cxb3 64. Rc6+ Kb2 65. Rg7 Rf8 66.
f7 Ka3 67. e6 b2 68. Bd3 1-0

[Event "Col Ch "]
[Site "Ibague "]
[Date "2013.07.06"]
[Round "10.64"]
[White "Ordonez Gonzalez, Gabriel"]
[Black "Manrique, Fernando"]
[Result "0-1"]
[WhiteElo "1909"]
[BlackElo "1991"]
[PlyCount "42"]
[EventDate "2013.07.01"]
[EventType "swiss"]
[EventRounds "11"]
[EventCountry "COL"]
[SourceDate "2005.09.12"]

1. e4 e5 2. Nf3 Nc6 3. d4 exd4 4. Nxd4 Nf6 5. Nc3 Bb4 6. Bg5 Qe7 7. f3 Qc5 8.
Bxf6 Bxc3+ 9. bxc3 Qxc3+ 10. Kf2 gxf6 11. Nxc6 dxc6 12. Rb1 b6 13. g3 Be6 14.
Bd3 h5 15. Qe2 h4 16. g4 Qd4+ 17. Kg2 h3+ 18. Kg3 Qd6+ 19. Kf2 Bxa2 20. Rbd1
Be6 21. Rhe1 Qxh2+ 0-1

[Event "Col Ch "]
[Site "Ibague "]
[Date "2013.07.06"]
[Round "10.65"]
[White "Vargas, Eduar Misael"]
[Black "Dabraccio, Guillermo"]
[Result "1/2-1/2"]
[WhiteElo "1955"]
[BlackElo "1752"]
[PlyCount "20"]
[EventDate "2013.07.01"]
[EventType "swiss"]
[EventRounds "11"]
[EventCountry "COL"]
[SourceDate "2005.09.12"]

1. d4 d5 2. c4 c6 3. Nf3 Nf6 4. Nc3 a6 5. c5 g6 6. Bf4 Bg7 7. e3 O-O 8. Rc1 Bg4
9. h3 Bxf3 10. Qxf3 Nbd7 1/2-1/2

[Event "Col Ch "]
[Site "Ibague "]
[Date "2013.07.06"]
[Round "10.66"]
[White "Restrepo, Jose Daniel"]
[Black "Trujillo, Luis Angel"]
[Result "1-0"]
[WhiteElo "1944"]
[BlackElo "1682"]
[PlyCount "87"]
[EventDate "2013.07.01"]
[EventType "swiss"]
[EventRounds "11"]
[EventCountry "COL"]
[SourceDate "2005.09.12"]

1. e4 e5 2. Nf3 Nc6 3. Bc4 h6 4. d4 exd4 5. c3 d3 6. O-O d6 7. Qxd3 Be7 8. Bf4
Nf6 9. h3 O-O 10. b4 a6 11. Nbd2 Be6 12. Bb3 Bxb3 13. Nxb3 Re8 14. Rad1 Bf8 15.
Rfe1 Nh5 16. Bh2 Qf6 17. Qe3 Ne5 18. Nxe5 dxe5 19. Rd5 Rad8 20. Red1 Rxd5 21.
Rxd5 Nf4 22. Bxf4 exf4 23. Qd3 Qe6 24. f3 Qb6+ 25. Qd4 Qxd4+ 26. Rxd4 b6 27.
Kf1 Re6 28. a3 Rc6 29. Rd3 g5 30. Nd4 Rc4 31. Ke2 c5 32. Nb3 cxb4 33. axb4 Bg7
34. Kd2 Kh7 35. Kc2 Kg6 36. Nd2 Rc6 37. c4 Bf8 38. Kb3 a5 39. b5 Rd6 40. Rd5
Re6 41. Ka4 Re8 42. Nb3 Rc8 43. Nd2 Bb4 44. Kb3 1-0

[Event "Col Ch "]
[Site "Ibague "]
[Date "2013.07.06"]
[Round "10.67"]
[White "Olarte Parra, Jhoan Sebastian"]
[Black "Jaramillo, Daniel Alejandro"]
[Result "1-0"]
[WhiteElo "1924"]
[BlackElo "1693"]
[PlyCount "97"]
[EventDate "2013.07.01"]
[EventType "swiss"]
[EventRounds "11"]
[EventCountry "COL"]
[SourceDate "2005.09.12"]

1. e4 c5 2. Nf3 Nc6 3. c4 g6 4. d4 cxd4 5. Nxd4 Bg7 6. Be3 Nf6 7. Nc3 O-O 8.
Be2 d6 9. O-O a6 10. Rc1 Nxd4 11. Bxd4 Be6 12. Kh1 Rc8 13. b3 Qc7 14. f3 Bd7
15. Bxf6 exf6 16. Nd5 Qd8 17. Bd3 Be6 18. Ne3 Qa5 19. Qe2 Bh6 20. f4 Qc5 21.
Rf3 Qh5 22. Qf2 Qc5 23. g4 g5 24. f5 Bd7 25. Nd5 Kg7 26. Qg3 Bc6 27. Nc3 Kg8
28. Qh3 Bg7 29. Qh5 h6 30. h4 Qe5 31. Bb1 b5 32. hxg5 fxg5 33. f6 Bxf6 34. Rf5
Qd4 35. Qxh6 Be7 36. Nd5 Bxd5 37. exd5 Qg7 38. Qh5 Qh8 39. Re1 Qxh5+ 40. gxh5
Rfe8 41. Bd3 bxc4 42. bxc4 f6 43. Re6 Kg7 44. Rf1 Kf8 45. Bg6 Red8 46. Rfe1 Rd7
47. h6 Rcc7 48. Rxf6+ Kg8 49. Rf7 1-0

[Event "Col Ch "]
[Site "Ibague "]
[Date "2013.07.06"]
[Round "10.68"]
[White "Arismendi Polanco, Efrain Stev"]
[Black "Leal Cortes, Diego Fernando"]
[Result "0-1"]
[WhiteElo "1805"]
[BlackElo "1901"]
[PlyCount "52"]
[EventDate "2013.07.01"]
[EventType "swiss"]
[EventRounds "11"]
[EventCountry "COL"]
[SourceDate "2005.09.12"]

1. e4 c6 2. d4 d5 3. Nd2 dxe4 4. Nxe4 Nd7 5. Nf3 Ngf6 6. Nxf6+ Nxf6 7. c3 Bg4
8. h3 Bh5 9. Bd3 e6 10. Bg5 Bd6 11. Qe2 Qc7 12. g4 Bg6 13. O-O-O O-O-O 14. Kb1
Bxd3+ 15. Rxd3 h6 16. Bh4 g5 17. Bg3 Nd5 18. Ne5 Rhe8 19. c4 Nf4 20. Bxf4 gxf4
21. Rf3 f6 22. Nd3 e5 23. Qe4 exd4 24. Qxd4 Be5 25. Qxa7 Qh7 26. Qa3 Qe4 0-1

[Event "Col Ch "]
[Site "Ibague "]
[Date "2013.07.06"]
[Round "10.69"]
[White "Cuervo, Alexander"]
[Black "Barros, Raul"]
[Result "0-1"]
[WhiteElo "1801"]
[BlackElo "2019"]
[PlyCount "68"]
[EventDate "2013.07.01"]
[EventType "swiss"]
[EventRounds "11"]
[EventCountry "COL"]
[SourceDate "2005.09.12"]

1. d4 c5 2. d5 e5 3. dxe6 fxe6 4. e4 Nc6 5. Nc3 Nf6 6. Bg5 a6 7. f4 d6 8. Nf3
Qc7 9. Be2 Be7 10. O-O O-O 11. h3 b5 12. Bxf6 Bxf6 13. Qd2 Bb7 14. Ng5 Nd4 15.
Bg4 Bxg5 16. fxg5 Qe7 17. Rae1 Nc6 18. Rxf8+ Rxf8 19. Rd1 Rd8 20. Qe3 Ne5 21.
Be2 Bc6 22. Rd2 Qb7 23. Bg4 Nxg4 24. hxg4 b4 25. Nd1 Bxe4 26. Nf2 Bd5 27. g6
hxg6 28. Qg5 Re8 29. Qxg6 Qf7 30. Qd3 Qf4 31. Nh3 Qxg4 32. Qxa6 Qg3 33. Rf2 Ra8
34. Qf1 Be4 0-1

[Event "Col Ch "]
[Site "Ibague "]
[Date "2013.07.06"]
[Round "10.70"]
[White "Parra, Diego Alexander"]
[Black "Torres, Jose Leonardo"]
[Result "0-1"]
[WhiteElo "1922"]
[BlackElo "1787"]
[PlyCount "90"]
[EventDate "2013.07.01"]
[EventType "swiss"]
[EventRounds "11"]
[EventCountry "COL"]
[SourceDate "2005.09.12"]

1. d4 d5 2. Nf3 e6 3. c3 Nf6 4. Bg5 Be7 5. Nbd2 O-O 6. e3 Nbd7 7. Bd3 c5 8. Ne5
Nxe5 9. dxe5 Nd7 10. Bf4 f5 11. h4 c4 12. Bc2 Qc7 13. Nf3 b5 14. g4 fxg4 15.
Ng5 Bxg5 16. hxg5 g6 17. Qxg4 Nc5 18. Rd1 Qf7 19. Rh6 Nd3+ 20. Rxd3 cxd3 21.
Bxd3 Rb8 22. Qh3 Qg7 23. Bg3 Bd7 24. e4 dxe4 25. Bxe4 Rbd8 26. f3 Bc8 27. Bf2
a6 28. Bb6 Rde8 29. b4 Bb7 30. Rh4 Bxe4 31. Rxe4 Qb7 32. Bd4 Rf7 33. Ke2 Qd5
34. Qg4 Qxa2+ 35. Ke3 Qc4 36. Rf4 Ref8 37. Rf6 Rxf6 38. exf6 Qd5 39. Qf4 Qd7
40. Qe5 Kf7 41. Qh2 Kg8 42. Qa2 Qd6 43. f4 Rc8 44. Qh2 Qc6 45. Qh3 Qxc3+ 0-1

[Event "Col Ch "]
[Site "Ibague "]
[Date "2013.07.06"]
[Round "10.72"]
[White "Aristizabal, Jorge"]
[Black "Rosero, Hugo Alberto"]
[Result "1-0"]
[WhiteElo "1881"]
[BlackElo "1664"]
[PlyCount "57"]
[EventDate "2013.07.01"]
[EventType "swiss"]
[EventRounds "11"]
[EventCountry "COL"]
[SourceDate "2005.09.12"]

1. e4 c5 2. Nf3 d6 3. d4 cxd4 4. Nxd4 Nf6 5. Nc3 a6 6. Be3 Bd7 7. f3 e6 8. Qd2
Qc7 9. O-O-O Be7 10. h4 Nc6 11. g4 b5 12. h5 b4 13. Nce2 Rb8 14. g5 Ng8 15. Bh3
Ne5 16. b3 a5 17. f4 Nc6 18. g6 h6 19. gxf7+ Kxf7 20. f5 e5 21. Nf3 Nf6 22. Ng3
Rhc8 23. Bf1 a4 24. Bc4+ Kf8 25. Bxh6 Na5 26. Bxg7+ Ke8 27. Qh6 Nxc4 28. Qh8+
Kf7 29. Ng5# 1-0

[Event "Col Ch "]
[Site "Ibague "]
[Date "2013.07.06"]
[Round "10.73"]
[White "Acosta Cruz, Luis Ivan"]
[Black "Ramirez, Carlos Henry"]
[Result "1-0"]
[WhiteElo "1879"]
[BlackElo "1647"]
[PlyCount "45"]
[EventDate "2013.07.01"]
[EventType "swiss"]
[EventRounds "11"]
[EventCountry "COL"]
[SourceDate "2005.09.12"]

1. c4 Nc6 2. Nc3 e6 3. g3 Nf6 4. Bg2 d5 5. d4 b6 6. Bg5 Bb7 7. e3 Bb4 8. Bxf6
Qxf6 9. cxd5 Ne7 10. Qa4+ c6 11. Qxb4 exd5 12. Nf3 O-O 13. Ne5 Rad8 14. O-O Ng6
15. f4 Qe6 16. f5 Qd6 17. Qxd6 Rxd6 18. fxg6 fxg6 19. Rxf8+ Kxf8 20. Rf1+ Kg8
21. Rf7 Ba6 22. Rxa7 Bb5 23. Ra8+ 1-0

[Event "Col Ch "]
[Site "Ibague "]
[Date "2013.07.06"]
[Round "10.74"]
[White "Bravo, Juan Eduardo"]
[Black "Corpus Vanegas, Eugenio Miguel"]
[Result "0-1"]
[WhiteElo "1726"]
[BlackElo "1848"]
[PlyCount "48"]
[EventDate "2013.07.01"]
[EventType "swiss"]
[EventRounds "11"]
[EventCountry "COL"]
[SourceDate "2005.09.12"]

1. e4 e5 2. Nf3 Nc6 3. Bb5 a6 4. Ba4 Nf6 5. O-O Nxe4 6. d4 b5 7. Bb3 d5 8. dxe5
Be6 9. Qe2 Be7 10. Rd1 O-O 11. c3 Nc5 12. Bc2 Bg4 13. h3 Bh5 14. Be3 Nxe5 15.
g4 Nxg4 16. hxg4 Bxg4 17. Kg2 Qd7 18. Rh1 Ne4 19. Nbd2 f5 20. Rad1 Qe6 21. Rb1
f4 22. Nxe4 dxe4 23. Qe1 exf3+ 24. Kf1 Qc4+ 0-1

[Event "Col Ch "]
[Site "Ibague "]
[Date "2013.07.06"]
[Round "10.75"]
[White "Palechor, Cesar Augusto"]
[Black "Sandoval Guerrero, Juan David"]
[Result "1-0"]
[WhiteElo "1794"]
[BlackElo "1501"]
[PlyCount "47"]
[EventDate "2013.07.01"]
[EventType "swiss"]
[EventRounds "11"]
[EventCountry "COL"]
[SourceDate "2005.09.12"]

1. e4 e5 2. Nf3 Nc6 3. Bb5 Nf6 4. Qe2 a6 5. Ba4 d6 6. c3 Bg4 7. O-O Be7 8. Rd1
Qc8 9. d3 O-O 10. Nbd2 b5 11. Bc2 Re8 12. Nf1 d5 13. Bg5 d4 14. Bxf6 Bxf6 15.
h3 Bh5 16. g4 Bg6 17. Ng3 Qd7 18. Nf5 Bxf5 19. gxf5 g6 20. Kh2 gxf5 21. Rg1+
Kh8 22. Ng5 Rg8 23. Nxh7 Rg6 24. Nxf6 1-0

[Event "Col Ch "]
[Site "Ibague "]
[Date "2013.07.06"]
[Round "10.76"]
[White "Sanchez Lopez, Luis Antonio"]
[Black "Ricciulli Vargas, Roberth Elie"]
[Result "0-1"]
[WhiteElo "1642"]
[BlackElo "1762"]
[PlyCount "76"]
[EventDate "2013.07.01"]
[EventType "swiss"]
[EventRounds "11"]
[EventCountry "COL"]
[SourceDate "2005.09.12"]

1. e4 e5 2. Nf3 Nc6 3. Bb5 a6 4. Ba4 Nf6 5. O-O b5 6. Bb3 Be7 7. d3 d6 8. a3
O-O 9. Be3 Be6 10. Bxe6 fxe6 11. Nc3 d5 12. exd5 exd5 13. Ne2 Bd6 14. Ng3 h6
15. Qe2 Ng4 16. h3 Nxe3 17. Qxe3 Qe7 18. b4 a5 19. c3 Qf6 20. Kh1 Ne7 21. Nd2
Qg6 22. Nf3 e4 23. dxe4 Bxg3 24. fxg3 dxe4 25. Nh4 Qc6 26. Rf4 g5 27. Rg4 axb4
28. Qxe4 Qxe4 29. Rxe4 Rxa3 30. Rxa3 bxa3 31. Nf3 a2 32. Re1 Rxf3 33. gxf3 Nd5
34. c4 bxc4 35. Kg2 Kf7 36. Kf2 h5 37. Ke2 Nc3+ 38. Kd2 Nb1+ 0-1

[Event "Col Ch "]
[Site "Ibague "]
[Date "2013.07.06"]
[Round "10.77"]
[White "Figueroa Salcedo, Reinaldo Ar"]
[Black "Munoz, Alvaro E"]
[Result "0-1"]
[WhiteElo "1717"]
[BlackElo "1739"]
[PlyCount "58"]
[EventDate "2013.07.01"]
[EventType "swiss"]
[EventRounds "11"]
[EventCountry "COL"]
[SourceDate "2005.09.12"]

1. e4 c5 2. Nf3 d6 3. d4 cxd4 4. Nxd4 Nf6 5. Nc3 a6 6. Be2 g6 7. Be3 Bd7 8. Qd2
h5 9. f3 Nc6 10. h3 Bg7 11. O-O-O Rc8 12. g4 h4 13. f4 b5 14. a3 Na5 15. g5
Nxe4 16. Nxe4 Bxd4 17. Bxd4 Nb3+ 18. Kb1 Nxd2+ 19. Nxd2 Rh7 20. Bd3 Be6 21.
Rde1 Kf8 22. Re3 Qd7 23. Rhe1 Re8 24. Ne4 Rc8 25. Nc3 Bxh3 26. Rxe7 Qxe7 27.
Rxe7 Kxe7 28. Nd5+ Ke6 29. Nf6 Rhh8 0-1

[Event "Col Ch "]
[Site "Ibague "]
[Date "2013.07.07"]
[Round "11.1"]
[White "Panesso Rivera, Henry"]
[Black "Torres, Juan Camilo"]
[Result "0-1"]
[WhiteElo "2341"]
[BlackElo "2341"]
[PlyCount "66"]
[EventDate "2013.07.01"]
[EventType "swiss"]
[EventRounds "11"]
[EventCountry "COL"]
[SourceDate "2005.09.12"]
[WhiteClock "0:06:26"]
[BlackClock "0:16:04"]

1. d4 d5 2. c4 c6 3. Nf3 Nf6 4. Nc3 dxc4 5. e4 b5 6. e5 Nd5 7. a4 e6 8. axb5
Nxc3 9. bxc3 cxb5 10. Ng5 Bb7 11. Qh5 g6 12. Qg4 Be7 13. h4 h5 14. Qf4 Bxg5 15.
hxg5 a5 16. Rh4 Qd5 17. Be2 b4 18. g4 Nd7 19. gxh5 gxh5 20. cxb4 axb4 21. Rxa8+
Bxa8 22. Bxh5 Rf8 23. Qd2 c3 24. Qc2 Bc6 25. g6 fxg6 26. Bxg6+ Kd8 27. Bg5+ Kc7
28. Be7 Ra8 29. Bd6+ Kb6 30. Qb1 b3 31. Rh3 Ra2 32. Bc5+ Nxc5 33. dxc5+ Ka5 0-1

[Event "Col Ch "]
[Site "Ibague "]
[Date "2013.07.07"]
[Round "11.2"]
[White "Barrientos, Sergio E"]
[Black "Tovio, Israel"]
[Result "1/2-1/2"]
[WhiteElo "2476"]
[BlackElo "2291"]
[PlyCount "127"]
[EventDate "2013.07.01"]
[EventType "swiss"]
[EventRounds "11"]
[EventCountry "COL"]
[SourceDate "2005.09.12"]
[WhiteClock "0:01:48"]
[BlackClock "0:01:23"]

1. e4 c5 2. Nf3 Nf6 3. e5 Nd5 4. g3 Nc6 5. Bg2 d6 6. exd6 Qxd6 7. O-O Bg4 8. h3
Bh5 9. Nc3 O-O-O 10. d3 e5 11. Re1 Nxc3 12. bxc3 f5 13. Qe2 c4 14. Bg5 Re8 15.
d4 h6 16. dxe5 Qc7 17. Bd2 Nxe5 18. g4 Nc6 19. Qxc4 fxg4 20. hxg4 Rxe1+ 21.
Rxe1 Bf7 22. Qa4 Bd6 23. Nd4 Nxd4 24. cxd4 Kb8 25. Rb1 b6 26. Ba5 Be8 27. Qb3
Bc6 28. c4 Bxg2 29. Kxg2 Qc6+ 30. d5 Qc7 31. Re1 h5 32. g5 h4 33. Re6 h3+ 34.
Kh1 Qc5 35. Be1 Qd4 36. Qf3 Rf8 37. Qxh3 Qxc4 38. f3 Qc1 39. Kg2 Qxg5+ 40. Qg4
Qxg4+ 41. fxg4 Bc5 42. Bg3+ Kb7 43. Rg6 Bd4 44. Rd6 Rf7 45. Rd8 b5 46. g5 a5
47. g6 Rf5 48. Rb8+ Ka6 49. d6 Bb6 50. Rg8 b4 51. Rxg7 a4 52. Rf7 Rg5 53. Rf6
Kb7 54. d7 Bc7 55. Rf4 Rxg6 56. Rxb4+ Kc6 57. Rc4+ Kb6 58. Rb4+ Kc5 59. Rf4 Kc6
60. Rc4+ Kb6 61. Rf4 Rxg3+ 62. Kxg3 Bxf4+ 63. Kxf4 Kc7 64. Ke4 1/2-1/2

[Event "Col Ch "]
[Site "Ibague "]
[Date "2013.07.07"]
[Round "11.3"]
[White "Arenas, David"]
[Black "Martinez Romero, Martin"]
[Result "1-0"]
[WhiteElo "2437"]
[BlackElo "2402"]
[PlyCount "77"]
[EventDate "2013.07.01"]
[EventType "swiss"]
[EventRounds "11"]
[EventCountry "COL"]
[SourceDate "2005.09.12"]
[WhiteClock "0:31:05"]
[BlackClock "0:31:39"]

1. e4 c5 2. Nf3 d6 3. d4 cxd4 4. Nxd4 Nf6 5. Nc3 Nc6 6. Bg5 e6 7. Qd2 a6 8.
O-O-O h6 9. Nxc6 bxc6 10. Bf4 d5 11. Qe3 Be7 12. Be2 O-O 13. h4 Re8 14. Qg3 Kh8
15. Bc7 Qd7 16. Be5 Bf8 17. Qe3 Ng8 18. Na4 Qb7 19. Nb6 Ra7 20. Bd4 e5 21. exd5
Nf6 22. Bc3 Nxd5 23. Nxd5 cxd5 24. Bf3 e4 25. Qxh6+ Kg8 26. Qe3 Qd7 27. Be2 Rc7
28. h5 Qc6 29. Kb1 Bc5 30. Qg3 d4 31. h6 f6 32. hxg7 Rxg7 33. Qh4 Bf5 34. Bc4+
Be6 35. Bxe6+ Rxe6 36. Bxd4 Bxd4 37. Rxd4 e3 38. Qh8+ Kf7 39. Rh7 1-0

[Event "Col Ch "]
[Site "Ibague "]
[Date "2013.07.07"]
[Round "11.4"]
[White "Gallego Alcaraz, Andres Felipe"]
[Black "Mosquera, Miguel"]
[Result "1-0"]
[WhiteElo "2414"]
[BlackElo "2391"]
[PlyCount "73"]
[EventDate "2013.07.01"]
[EventType "swiss"]
[EventRounds "11"]
[EventCountry "COL"]
[SourceDate "2005.09.12"]
[WhiteClock "0:04:12"]
[BlackClock "0:01:33"]

1. d4 d5 2. c4 c6 3. Nf3 Nf6 4. Nc3 dxc4 5. e4 b5 6. e5 Nd5 7. a4 e6 8. axb5
Nxc3 9. bxc3 cxb5 10. Ng5 Qd7 11. Qh5 h6 12. Be2 Bb7 13. Bf3 g6 14. Qh3 Nc6 15.
O-O Ne7 16. Ba3 a5 17. Bc5 Ra6 18. Bxb7 Qxb7 19. Rfe1 Nd5 20. Ne4 Qc6 21. Bd6
Be7 22. Qf3 O-O 23. h4 b4 24. h5 b3 25. hxg6 fxg6 26. Qg4 Qe8 27. Nc5 Ra7 28.
Nxe6 Rf5 29. Bxe7 Rxe7 30. Rxa5 Rxe6 31. Rxd5 Rb6 32. Qe2 Qa4 33. Rd6 Rxd6 34.
exd6 Qc6 35. d7 Qxd7 36. Qxc4+ Qf7 37. Re8+ 1-0

[Event "Col Ch "]
[Site "Ibague "]
[Date "2013.07.07"]
[Round "11.5"]
[White "Herrera, Juan Sebastian"]
[Black "Sanchez, Sebastian Felipe"]
[Result "1-0"]
[WhiteElo "2205"]
[BlackElo "2328"]
[PlyCount "61"]
[EventDate "2013.07.01"]
[EventType "swiss"]
[EventRounds "11"]
[EventCountry "COL"]
[SourceDate "2005.09.12"]
[WhiteClock "0:43:27"]
[BlackClock "0:02:00"]

1. e4 c5 2. Nf3 e6 3. d4 cxd4 4. Nxd4 Nc6 5. Nc3 Qc7 6. Be2 a6 7. O-O Nf6 8.
Be3 Be7 9. Kh1 O-O 10. f4 d6 11. Qe1 Nxd4 12. Bxd4 b5 13. a3 Bb7 14. Qg3 Bc6
15. Rae1 Qb7 16. Bf3 Rad8 17. b4 Rfe8 18. e5 dxe5 19. fxe5 Rxd4 20. exf6 Bf8
21. Ne2 Rc4 22. Bxc6 Qxc6 23. fxg7 Bxg7 24. Rf3 Qd7 25. Nf4 Rxf4 26. Qxf4 e5
27. Qe4 Rd8 28. Rd3 Qe7 29. Red1 Rxd3 30. Qxd3 e4 31. Qd8+ 1-0

[Event "Col Ch "]
[Site "Ibague "]
[Date "2013.07.07"]
[Round "11.6"]
[White "Beltran, Carlos Armando"]
[Black "Blandon, Luis Guillermo"]
[Result "1/2-1/2"]
[WhiteElo "2237"]
[BlackElo "1993"]
[PlyCount "86"]
[EventDate "2013.07.01"]
[EventType "swiss"]
[EventRounds "11"]
[EventCountry "COL"]
[SourceDate "2005.09.12"]
[WhiteClock "0:37:50"]
[BlackClock "0:20:38"]

1. Nf3 Nf6 2. d4 g6 3. Bg5 Bg7 4. Nbd2 d6 5. e3 O-O 6. Be2 Nbd7 7. O-O Qe8 8.
c3 e5 9. dxe5 Nxe5 10. Nxe5 dxe5 11. Qb3 Qc6 12. Rfd1 Be6 13. Bc4 Rfe8 14. Bxe6
Rxe6 15. Qc4 Ne8 16. Qxc6 Rxc6 17. e4 f5 18. f3 Nd6 19. Kf2 Kf7 20. Ke2 Ke6 21.
g4 a5 22. a4 b5 23. axb5 Nxb5 24. Rg1 f4 25. Bh4 Bf8 26. Bf2 a4 27. Nb1 a3 28.
bxa3 Nxc3+ 29. Nxc3 Rxc3 30. Rgc1 Raxa3 31. Rxc3 Rxc3 32. Ra6+ Bd6 33. h4 Ra3
34. Rxa3 Bxa3 35. Kd3 h6 36. h5 gxh5 37. gxh5 Be7 38. Kc4 Kd6 39. Bc5+ Kd7 40.
Bf2 Kc6 41. Be1 Bf8 42. Bc3 Bd6 43. Be1 Be7 1/2-1/2

[Event "Col Ch "]
[Site "Ibague "]
[Date "2013.07.07"]
[Round "11.7"]
[White "Otero, Daniel"]
[Black "Dominguez, Ramiro"]
[Result "1/2-1/2"]
[WhiteElo "2135"]
[BlackElo "2225"]
[PlyCount "58"]
[EventDate "2013.07.01"]
[EventType "swiss"]
[EventRounds "11"]
[EventCountry "COL"]
[SourceDate "2005.09.12"]
[WhiteClock "0:41:12"]
[BlackClock "0:38:50"]

1. Nf3 Nf6 2. c4 e6 3. g3 b6 4. Bg2 Bb7 5. O-O Be7 6. Nc3 O-O 7. Qc2 d5 8. cxd5
Nxd5 9. d4 Na6 10. Nxd5 Bxd5 11. b3 c5 12. Bb2 cxd4 13. Nxd4 Rc8 14. Qb1 Bxg2
15. Kxg2 Bf6 16. Rd1 Qc7 17. Nf3 Bxb2 18. Qxb2 Nb4 19. Rac1 Qb7 20. Rxc8 Qxc8
21. Rd4 Nd5 22. Rg4 Qc3 23. Qxc3 Nxc3 24. Rc4 Nxa2 25. Ra4 Nc1 26. Rxa7 Nxb3
27. Rb7 Nc5 28. Rxb6 Rc8 29. Nd4 g6 1/2-1/2